MARC

Tag First Indicator Second Indicator Subfields
LEADER 00000cam a2200000 a 4500
001 in00000020022
005 20230831100435.0
008 860624s1986 enka b 001 0 eng
010 |a  86061923  
015 |a GB8623168  |2 bnb 
015 |a b8623168 
016 |a (AMICUS)000007854135 
019 |a 14134077  |a 59250196  |a 877096251  |a 1004695974  |a 1026359795  |a 1055054535  |a 1168505149 
020 |a 0803980167 
020 |a 9780803980167 
020 |a 0803980175  |q (pbk.) 
020 |a 9780803980174  |q (pbk.) 
029 1 |a AU@  |b 000004795434 
029 1 |a AU@  |b 000023905382 
029 1 |a AU@  |b 000055519218 
029 1 |a AU@  |b 000057950885 
029 1 |a DEBBG  |b BV001278069 
029 1 |a DEBBG  |b BV005285544 
029 1 |a DEBBG  |b BV021877287 
029 1 |a DEBSZ  |b 012791318 
029 1 |a GBVCP  |b 024189030 
029 1 |a HR0  |b 0803980167 
029 1 |a NLC  |b 000007854135 
029 1 |a NZ1  |b 4065963 
029 1 |a UNITY  |b 070874468 
035 |a (OCoLC)ocm19128225  
035 |a (OCoLC)19128225  |z (OCoLC)14134077  |z (OCoLC)59250196  |z (OCoLC)877096251  |z (OCoLC)1004695974  |z (OCoLC)1026359795  |z (OCoLC)1055054535  |z (OCoLC)1168505149 
035 |a (OCoLC)ocm19128225  
040 |a DLC  |b eng  |c DLC  |d UKM  |d MUQ  |d NLGGC  |d BTCTA  |d BAKER  |d YDXCP  |d NLE  |d CRU  |d DEBBG  |d HNW  |d OCLCQ  |d GBVCP  |d OCLCO  |d OCLCF  |d OCLCQ  |d OCLCO  |d OCLCQ  |d DEBSZ  |d LTU  |d OCLCQ  |d NLC  |d OCLCO  |d DHA  |d OCLCQ  |d KIJ  |d OCLCQ  |d CNO  |d CPO  |d OCLCO  |d AU@  |d TFW  |d OCLCO  |d UWO  |d UKUOY  |d OCLCA  |d AZU  |d OCLCO  |d UMK  |d OCLCO  |d OCLCQ  |d UKBTH  |d OCLCA  |d OCLCQ  |d LUN  |d IL4J6  |d OCLCO  |d OCLCQ 
043 |a n-us--- 
050 1 4 |a H62  |b .U83 1986 
055 1 |a H62 
080 0 |a 300.001.5 
082 0 |a 300/.973  |2 19 
082 0 0 |a 300/.72  |2 19 
083 0 |a Social sciences. Research 
084 |a 70.00  |2 bcl 
084 |a CC 3900  |2 rvk 
084 |a MR 1100  |2 rvk 
084 |a MS 6500  |2 rvk 
084 |a 5,1  |2 ssgn 
084 |a SOZ 320f  |2 stub 
245 0 4 |a The Use and abuse of social science /  |c edited by Frank Heller. 
260 |a London ;  |a Beverly Hills :  |b Sage Publications,  |c 1986. 
300 |a x, 294 pages :  |b illustrations ;  |c 23 cm 
336 |a text  |b txt  |2 rdacontent 
337 |a unmediated  |b n  |2 rdamedia 
338 |a volume  |b nc  |2 rdacarrier 
504 |a Includes bibliographical references and index. 
505 0 |a The pathology of applied research in social science / H. Igor Ansoff -- Applying psychology or applied psychology / Claude Lévy-Leboyer -- Three projects involving prediction / Leslie T. Wilkins -- The misapplication of social science at Unesco / Peter Lengyel -- A research programme of the utilization of the social sciences / Ansgar Weymann, Ludwig Ellermann and Matthias Wingens -- Social science and social policy : who uses whom? / Robert H. Haveman -- The ethics of research in a public enterprise / A.J. Berry [and others] -- Research as action : an experiment in utilizing the social sciences / John Gill -- Use and abuse of science / Frank Heller -- Social research as participative dialogue / Bjørn Gustavsen -- Research and social policy : political, organizational and cultural constraints / Peter Brannen -- Facets of 'relevance' in sociological research / John Eldridge -- Policy research under scrutiny / Albert Cherns -- Policy research : an analysis of function and structure / Mark van de Vall -- Research and policy-making : a limited partnership / Carol Hirschon Weiss -- What's the use of social science? : a review of the literature / Roger S. Karapin. 
650 0 |a Social sciences and state  |z United States. 
650 0 |a Social sciences  |x Research  |z United States. 
650 0 |a Social policy. 
651 0 |a United States  |x Social policy. 
650 0 |a Social sciences  |x Research. 
650 0 2 |a Social Sciences [MESH] 
650 0 2 |a Research [MESH] 
650 0 2 |a Research Design [MESH] 
650 0 2 |a Ethics [MESH] 
650 2 |a Public Policy 
650 6 |a Sciences sociales  |x Recherche. 
650 6 |a Sciences sociales  |x Politique gouvernementale  |z États-Unis. 
650 6 |a Sciences sociales  |x Recherche  |z États-Unis. 
650 6 |a Politique sociale. 
651 6 |a États-Unis  |x Politique sociale. 
650 7 |a public policy.  |2 aat 
650 7 |a Social policy.  |2 fast  |0 (OCoLC)fst01122738 
650 7 |a Social sciences and state.  |2 fast  |0 (OCoLC)fst01123060 
650 7 |a Social sciences  |x Research.  |2 fast  |0 (OCoLC)fst01122944 
651 7 |a United States.  |2 fast  |0 (OCoLC)fst01204155 
650 7 |a Forschung  |2 gnd 
650 7 |a Sozialpolitik  |2 gnd 
650 7 |a Sozialwissenschaften  |2 gnd 
650 7 |a Aufsatzsammlung  |2 gnd 
650 1 7 |a Sociale wetenschappen.  |2 gtt 
650 1 7 |a Toepassingen.  |2 gtt 
650 1 7 |a Gebruik.  |2 gtt 
650 1 7 |a Misbruik.  |2 gtt 
650 1 7 |a Beleidsonderzoek.  |2 gtt 
650 7 |a Social sciences  |x Research.  |2 nli 
653 |a Social sciences  |a Research 
655 4 |a Aufsatzsammlung. 
700 1 |a Heller, Frank A. 
776 0 8 |i Online version:  |t Use and abuse of social science.  |d London ; Beverly Hills : Sage Publications, 1986  |w (OCoLC)647564325 
856 4 1 |3 Table of contents  |u http://www.gbv.de/dms/bowker/toc/9780803980167.pdf  |t 0 
856 4 1 |3 Table of contents  |u http://swbplus.bsz-bw.de/bsz012791318inh.htm  |t 0 
856 4 2 |3 French equivalent / Équivalent français  |u https://bac-lac.on.worldcat.org/oclc/300613718  |t 0 
938 |a Baker & Taylor  |b BKTY  |c 55.00  |d 55.00  |i 0803980167  |n 0001249844  |s active 
938 |a Baker and Taylor  |b BTCP  |n 86061923 
938 |a YBP Library Services  |b YANK  |n 668349 
948 |h HELD BY TXA - 314 OTHER HOLDINGS 
994 |a Z0  |b TXA 
999 f f |s bcb6932e-fbef-3706-93ff-a4a32aa22eb5  |i 9b4a0573-c142-3585-8884-1e9a48055feb  |t 0 
952 f f |p ric  |a Texas A&M University  |b Rellis Campus  |c Joint Library Facility  |d Remote Storage  |t 0  |e H62 .U62 1986  |h Library of Congress classification  |i unmediated -- volume  |m A14812584261 
998 f f |a H62 .U62 1986  |t 0  |l Remote Storage